| 000 | 01125nac a22003377a 4500 | ||
|---|---|---|---|
| 001 | BR0805613 | ||
| 003 | BR-BrBNA | ||
| 005 | 20240105123647.0 | ||
| 008 | 230509b bl.|||m| |||| 00| 0 por d | ||
| 040 |
_aBR-BrBNA _bpor _cBiblioteca Nacional de Agricultura |
||
| 072 | _aP34; F08 | ||
| 090 | _aP34 BR0805613 | ||
| 100 | 1 | _aMiranda, J.C.C. de | |
| 100 | 1 | _aMiranda, L.N. de | |
| 110 | 1 | _aEMBRAPA Cerrados, Planaltina, DF (Brasil) | |
| 245 | 1 | _aImpacto do sistema de plantio direto na diversidade de espécies de fungos micorrízicos arbusculares nativos em solo de cerrado | |
| 260 | 3 |
_aPlanaltina, DF (Brasil): _c2007. |
|
| 300 | _a4 p. | ||
| 490 |
_aComunicado Técnico - EMBRAPA Cerrado (Brazil) _vno. 135 _xISSN 1517-1469 |
||
| 500 | _aSummaries (En, Pt); 7 ref. | ||
| 650 | _aSOLO | ||
| 650 | _aMICORRIZA VESICULAR ARBUSCULAR | ||
| 650 | _aFUNGO | ||
| 650 | _aCONDICIONAMENTO DO SOLO | ||
| 650 | _aPRÁTICA CULTURAL | ||
| 650 | _aSISTEMA DE PRODUÇÃO | ||
| 650 | _aPLANTIO DIRETO | ||
| 650 | _aROTAÇÃO DE CULTURA | ||
| 909 |
_a202312 _bLúcia Elande _c55 _dLúcia Elande |
||
| 942 |
_2AGRIS _n0 _cMS |
||
| 999 |
_c296425 _d296425 |
||